000 00401nam a2200157Ia 4500
008 151213s9999 xx 000 0 und d
100 _aMartyr Murtada Mutahari
245 _aSociology and History
_cMartyr Murtada Mutahari
250 _a1st
260 _aTelaram
_c1985
300 _a4468 p.
650 _aSocial Science
650 _aSociology
700 _aMartyr Murtada Mutahari
999 _c2843
_d2843